[Event "Alberta-ch U20"]
[Site "Edmonton CAN"]
[Date "2010.11.06"]
[Round "1"]
[White "Kaiser, Jakob"]
[Black "Miller, David"]
[Result "0-1"]
[WhiteElo "1096"]
[BlackElo "1849"]
[PlyCount "74"]
[EventDate "2010.11.06"]
[EventType "swiss"]
[EventRounds "5"]
[EventCountry "CAN"]

1. d4 Nf6 2. c4 g6 3. Nc3 Bg7 4. g3 d5 5. Bg2 c6 6. Bg5 h6 7. Bxf6 Bxf6 8. e3
dxc4 9. Nf3 O-O 10. O-O Bg4 11. h3 Be6 12. e4 Qd7 13. Qd2 Bg7 14. Rad1 Bxh3 15.
Bxh3 Qxh3 16. Ne2 Qg4 17. Qe3 Na6 18. Nf4 g5 19. Ng2 Rad8 20. Nh2 Qd7 21. e5
Nb4 22. Qc3 Nd5 23. Qxc4 Kh8 24. Qa4 a6 25. Qc4 f5 26. exf6 exf6 27. Ne3 f5 28.
Nxd5 Qxd5 29. Qxd5 Rxd5 30. Nf3 Rfd8 31. Rfe1 c5 32. Re7 R8d7 33. Rxd7 Rxd7 34.
b3 cxd4 35. Kf1 d3 36. Nd2 Kh7 37. Nc4 b5 0-1

[Event "Alberta-ch U20"]
[Site "Edmonton CAN"]
[Date "2010.11.06"]
[Round "1"]
[White "Lin, Kaining"]
[Black "Thomas, Derek"]
[Result "0-1"]
[WhiteElo "250"]
[BlackElo "1653"]
[PlyCount "72"]
[EventDate "2010.11.06"]
[EventType "swiss"]
[EventRounds "5"]
[EventCountry "CAN"]

1. e4 c5 2. Nf3 Nc6 3. Bc4 e6 4. O-O g6 5. Re1 Bg7 6. Nc3 a6 7. a4 Nge7 8. d3
O-O 9. e5 Qc7 10. Bf4 Nf5 11. Qd2 b6 12. Rad1 Bb7 13. b3 Ncd4 14. Nxd4 Nxd4 15.
f3 Bxf3 16. Rc1 Bb7 17. Qe3 Qc6 18. Ne4 b5 19. axb5 axb5 20. c3 Nf5 21. Qe2
bxc4 22. bxc4 f6 23. exf6 Bxf6 24. Nxf6+ Rxf6 25. Be5 Rf7 26. Rc2 d6 27. Bf4 e5
28. Be3 Nxe3 29. Qxe3 Raf8 30. d4 exd4 31. cxd4 cxd4 32. Qxd4 Qa4 33. Rce2 d5
34. Re8 Rxe8 35. Rxe8+ Qxe8 36. c5 Qe1# 0-1

[Event "Alberta-ch U20"]
[Site "Edmonton CAN"]
[Date "2010.11.06"]
[Round "1"]
[White "Schibler, Jordan"]
[Black "Lee, Nicholas"]
[Result "1-0"]
[WhiteElo "1794"]
[BlackElo "1750"]
[PlyCount "61"]
[EventDate "2010.11.06"]
[EventType "swiss"]
[EventRounds "5"]
[EventCountry "CAN"]

1. d4 Nf6 2. c4 e6 3. Nc3 Bb4 4. Nf3 c5 5. e3 d5 6. a3 Bxc3+ 7. bxc3 Nc6 8.
cxd5 exd5 9. Bd3 c4 10. Bc2 Bg4 11. O-O O-O 12. h3 Bh5 13. Re1 Re8 14. g4 Bg6
15. Bxg6 hxg6 16. Nd2 a5 17. f3 Re6 18. e4 Qe7 19. e5 Nd7 20. f4 a4 21. Nf3 f6
22. f5 gxf5 23. gxf5 fxe5 24. fxe6 Qxe6 25. Ng5 Qg6 26. dxe5 Ndxe5 27. Qxd5+
Nf7 28. Qxf7+ Qxf7 29. Nxf7 Kxf7 30. Bf4 Rd8 31. Rad1 1-0

[Event "Alberta-ch U20"]
[Site "Edmonton CAN"]
[Date "2010.11.06"]
[Round "1"]
[White "Wang, Yuekai"]
[Black "Zhao, Chenxi"]
[Result "1-0"]
[WhiteElo "1934"]
[BlackElo "1112"]
[PlyCount "67"]
[EventDate "2010.11.06"]
[EventType "swiss"]
[EventRounds "5"]
[EventCountry "CAN"]

1. e4 e5 2. Nf3 Nc6 3. Bb5 d6 4. O-O Nf6 5. Re1 Be7 6. h3 O-O 7. d4 Nxd4 8.
Nxd4 exd4 9. Qxd4 Bd7 10. Bd3 c5 11. Qe3 Re8 12. c4 Bc6 13. Nc3 Bf8 14. Bd2 Qb6
15. b3 Qd8 16. Qg3 g6 17. Bg5 Bg7 18. Rad1 Nh5 19. Qh4 Qd7 20. Nd5 Re6 21. g4
f6 22. Bc1 Re5 23. Bb2 Rg5 24. Bxf6 Nxf6 25. Qxg5 Rf8 26. Bb1 Qf7 27. Qf4 Bh6
28. Nxf6+ Qxf6 29. Qxf6 Rxf6 30. e5 Rf3 31. exd6 Rxh3 32. Be4 Bd7 33. Bg2 Rc3
34. Re7 1-0

[Event "Alberta-ch U20"]
[Site "Edmonton CAN"]
[Date "2010.11.06"]
[Round "2"]
[White "Lacy, Ryan"]
[Black "Wang, Yuekai"]
[Result "1-0"]
[WhiteElo "1495"]
[BlackElo "1934"]
[PlyCount "69"]
[EventDate "2010.11.06"]
[EventType "swiss"]
[EventRounds "5"]
[EventCountry "CAN"]

1. e4 c5 2. Nf3 Nc6 3. d4 cxd4 4. Nxd4 Nf6 5. Nc3 e6 6. Nxc6 bxc6 7. e5 Nd5 8.
Nxd5 exd5 9. Bd3 d6 10. Bf4 Be7 11. O-O O-O 12. exd6 Bxd6 13. Qh5 g6 14. Qg5
Qxg5 15. Bxg5 Be5 16. Rab1 Re8 17. Rfe1 Bd7 18. g3 c5 19. c3 a5 20. c4 dxc4 21.
Bxc4 Bf5 22. Rbd1 Bxb2 23. Rxe8+ Rxe8 24. Be3 Ba3 25. Rd6 Be6 26. Bxe6 Rxe6 27.
Rd3 Bb4 28. a3 Be1 29. Kf1 Bb4 30. axb4 cxb4 31. Rd8+ Kg7 32. Ra8 b3 33. Rxa5
Re5 34. Rxe5 b2 35. Rb5 1-0

[Event "Alberta-ch U20"]
[Site "Edmonton CAN"]
[Date "2010.11.06"]
[Round "2"]
[White "Miller, David"]
[Black "Singh, Krishneel"]
[Result "1-0"]
[WhiteElo "1849"]
[BlackElo "1473"]
[PlyCount "49"]
[EventDate "2010.11.06"]
[EventType "swiss"]
[EventRounds "5"]
[EventCountry "CAN"]

1. e4 c5 2. Nf3 e6 3. d4 cxd4 4. Nxd4 a6 5. Bd3 Qc7 6. O-O Nf6 7. Nc3 Nc6 8.
Nb3 b6 9. f4 d6 10. Be3 Bb7 11. Qe2 Be7 12. Rad1 Nb4 13. a3 Nxd3 14. cxd3 d5
15. e5 Nd7 16. Rc1 Qd8 17. d4 b5 18. f5 exf5 19. Rxf5 g6 20. Rf2 O-O 21. Bh6
Re8 22. Qf3 f6 23. Rcf1 Rc8 24. Qh3 Nf8 25. exf6 1-0

[Event "Alberta-ch U20"]
[Site "Edmonton CAN"]
[Date "2010.11.06"]
[Round "2"]
[White "Nie, Mark"]
[Black "Mawani, Adam"]
[Result "1-0"]
[WhiteElo "1375"]
[BlackElo "1220"]
[PlyCount "74"]
[EventDate "2010.11.06"]
[EventType "swiss"]
[EventRounds "5"]
[EventCountry "CAN"]

1. Nf3 d5 2. g3 Nf6 3. Bg2 Bf5 4. d3 Nc6 5. Nbd2 e5 6. O-O Bc5 7. Qe1 Qd7 8. e4
Bg4 9. exd5 Nxd5 10. Nxe5 Nxe5 11. Qxe5+ Qe6 12. Qxd5 O-O 13. Qxe6 fxe6 14. Nc4
Rae8 15. Bf4 b5 16. Ne5 Bf5 17. h3 Bd6 18. g4 Bxg4 19. Bc6 Rxf4 20. Bxe8 Bxh3
21. Rfe1 Bc5 22. Re2 Bg4 23. Nxg4 Rxg4+ 24. Kf1 Rh4 25. Rae1 Kf8 26. Rxe6 Rf4
27. R1e2 Rh4 28. Kg2 Bd6 29. R2e4 Rh2+ 30. Kf3 Rh3+ 31. Kg4 Rh2 32. Re2 Rg2+
33. Kf3 Rh2 34. Bxb5 Rh3+ 35. Kg4 Rh2 36. Re8+ Kf7 37. R8e6 Kf8 1-0

[Event "Alberta-ch U20"]
[Site "Edmonton CAN"]
[Date "2010.11.06"]
[Round "2"]
[White "Virji, Naveed"]
[Black "Schibler, Jordan"]
[Result "0-1"]
[WhiteElo "1386"]
[BlackElo "1794"]
[PlyCount "80"]
[EventDate "2010.11.06"]
[EventType "swiss"]
[EventRounds "5"]
[EventCountry "CAN"]

1. e4 e6 2. d4 d5 3. exd5 exd5 4. Nf3 Nf6 5. Bf4 Bd6 6. Be3 O-O 7. Bd3 Bg4 8.
Nbd2 Nbd7 9. O-O c6 10. c4 Qc7 11. g3 Rfe8 12. c5 Bf8 13. Bf4 Qc8 14. Qc2 Bxf3
15. Nxf3 g6 16. Ne5 Nxe5 17. Bxe5 Bg7 18. f4 Ng4 19. Bxg7 Ne3 20. Qf2 Kxg7 21.
Rfe1 Ng4 22. Qf3 f5 23. Rxe8 Qxe8 24. Be2 Qe7 25. h3 Nf6 26. Re1 Re8 27. Kf1
Qe3 28. Rd1 Nh5 29. Qxe3 Rxe3 30. Bxh5 gxh5 31. Kf2 Re4 32. Rd3 Kf6 33. Kf3 Re7
34. Rd2 Kf7 35. g4 hxg4+ 36. hxg4 fxg4+ 37. Kxg4 Kg6 38. Kg3 Re3+ 39. Kh4 Kf5
40. Kh5 Rh3# 0-1

[Event "Alberta-ch U20"]
[Site "Edmonton CAN"]
[Date "2010.11.06"]
[Round "3"]
[White "Lee, Nicholas"]
[Black "Zhao, Chenxi"]
[Result "0-1"]
[WhiteElo "1750"]
[BlackElo "1112"]
[PlyCount "96"]
[EventDate "2010.11.06"]
[EventType "swiss"]
[EventRounds "5"]
[EventCountry "CAN"]

1. d4 d5 2. c4 e6 3. Nc3 Nf6 4. Nf3 Nc6 5. Bg5 dxc4 6. e3 Be7 7. Bxc4 O-O 8.
O-O a6 9. e4 Nd7 10. Qd2 Bxg5 11. Nxg5 Nb6 12. Bb3 Qxd4 13. Qxd4 Nxd4 14. Rfd1
Nxb3 15. axb3 e5 16. Ra5 f6 17. Nf3 Be6 18. Nd5 Nxd5 19. exd5 Rfd8 20. Ne1 b6
21. Raa1 Rxd5 22. b4 a5 23. bxa5 Rdxa5 24. Rxa5 Rxa5 25. b4 Rb5 26. Nc2 Bb3 27.
Rd8+ Kf7 28. Rd7+ Ke6 29. Rxc7 Bxc2 30. Rxc2 Rxb4 31. Kf1 Kd7 32. Ra2 Rc4 33.
Rd2+ Rd4 34. Rb2 Kc6 35. Ke2 b5 36. Rc2+ Rc4 37. Rb2 Kc5 38. Kd3 b4 39. f3 Rc3+
40. Kd2 Kc4 41. Ke2 b3 42. Kd2 f5 43. Kd1 e4 44. fxe4 fxe4 45. Re2 e3 46. Rb2
Kd3 47. g4 g5 48. h3 h6 0-1

[Event "Alberta-ch U20"]
[Site "Edmonton CAN"]
[Date "2010.11.06"]
[Round "3"]
[White "Miller, David"]
[Black "Lacy, Ryan"]
[Result "1-0"]
[WhiteElo "1849"]
[BlackElo "1495"]
[PlyCount "43"]
[EventDate "2010.11.06"]
[EventType "swiss"]
[EventRounds "5"]
[EventCountry "CAN"]

1. e4 c6 2. d4 d5 3. Nd2 dxe4 4. Nxe4 Bf5 5. Ng3 Bg6 6. h4 h6 7. Nf3 Nd7 8. h5
Bh7 9. Bd3 Bxd3 10. Qxd3 e6 11. Bf4 Ngf6 12. O-O-O Be7 13. c4 Qa5 14. Kb1 b5
15. Ne5 Qa6 16. Qf3 Rc8 17. Nxd7 Nxd7 18. d5 cxd5 19. cxd5 exd5 20. Nf5 g5 21.
Rhe1 O-O 22. Nxe7+ 1-0

[Event "Alberta-ch U20"]
[Site "Edmonton CAN"]
[Date "2010.11.06"]
[Round "3"]
[White "Schibler, Jordan"]
[Black "Nie, Mark"]
[Result "1-0"]
[WhiteElo "1794"]
[BlackElo "1375"]
[PlyCount "65"]
[EventDate "2010.11.06"]
[EventType "swiss"]
[EventRounds "5"]
[EventCountry "CAN"]

1. d4 Nf6 2. c4 e6 3. Nc3 Bb4 4. e3 b6 5. Bd2 Bb7 6. Nf3 d6 7. Be2 O-O 8. O-O
c5 9. a3 Bxc3 10. Bxc3 Nbd7 11. dxc5 Nxc5 12. Nd4 d5 13. b4 Nce4 14. Bb2 e5 15.
Nf3 Re8 16. Nxe5 Qc7 17. f4 Rad8 18. Qc1 Rc8 19. Bd4 a6 20. Qb2 dxc4 21. Nxc4
b5 22. Ne5 Qc2 23. Rfc1 Qxb2 24. Bxb2 Red8 25. Rxc8 Rxc8 26. Rc1 Rd8 27. Bd4 h6
28. Bf3 Rc8 29. Rxc8+ Bxc8 30. Nc6 Bb7 31. Ne7+ Kf8 32. Bxf6 gxf6 33. Nf5 1-0

[Event "Alberta-ch U20"]
[Site "Edmonton CAN"]
[Date "2010.11.06"]
[Round "3"]
[White "Singh, Krishneel"]
[Black "Kaiser, Jakob"]
[Result "1-0"]
[WhiteElo "1473"]
[BlackElo "1096"]
[PlyCount "53"]
[EventDate "2010.11.06"]
[EventType "swiss"]
[EventRounds "5"]
[EventCountry "CAN"]

1. d4 Nf6 2. c4 e6 3. Nc3 d5 4. Nf3 Bb4 5. e3 Nc6 6. a3 Bxc3+ 7. bxc3 Bd7 8.
Bd3 O-O 9. a4 Ne7 10. Ba3 Re8 11. Qc2 Ng6 12. Bxg6 fxg6 13. Ne5 b6 14. c5 c6
15. f3 Qc7 16. h4 Bc8 17. g4 Nd7 18. f4 Nxe5 19. fxe5 Rf8 20. cxb6 Qxb6 21.
Bxf8 Kxf8 22. Rb1 Qc7 23. h5 g5 24. Qxh7 Ba6 25. Rh2 Bb7 26. Rf2+ Ke8 27. Qg8+
1-0

[Event "Alberta-ch U20"]
[Site "Edmonton CAN"]
[Date "2010.11.06"]
[Round "3"]
[White "Thomas, Derek"]
[Black "Virji, Naveed"]
[Result "1-0"]
[WhiteElo "1653"]
[BlackElo "1386"]
[PlyCount "65"]
[EventDate "2010.11.06"]
[EventType "swiss"]
[EventRounds "5"]
[EventCountry "CAN"]

1. d4 Nf6 2. c4 e6 3. Nc3 d5 4. Bg5 Be7 5. Nf3 O-O 6. e3 Nbd7 7. c5 c6 8. Bd3
b6 9. b4 a5 10. a3 axb4 11. axb4 Rxa1 12. Qxa1 bxc5 13. bxc5 h6 14. Bf4 g5 15.
Bg3 Nh5 16. Be5 f6 17. Bg3 Nxg3 18. fxg3 e5 19. Bc2 f5 20. O-O f4 21. gxf4 exf4
22. exf4 Rxf4 23. Qd1 Ba6 24. Re1 Bf6 25. Ne2 Bxe2 26. Rxe2 Qb8 27. Qd3 Nf8 28.
h3 Bg7 29. Rd2 Ne6 30. Qg6 Qc8 31. Bf5 Nf8 32. Qxg7+ Kxg7 33. Bxc8 1-0

[Event "Alberta-ch U20"]
[Site "Edmonton CAN"]
[Date "2010.11.07"]
[Round "4"]
[White "Lin, Kaining"]
[Black "Virji, Naveed"]
[Result "0-1"]
[WhiteElo "250"]
[BlackElo "1386"]
[PlyCount "46"]
[EventDate "2010.11.06"]
[EventType "swiss"]
[EventRounds "5"]
[EventCountry "CAN"]

1. e4 e5 2. d4 exd4 3. Qxd4 Nc6 4. Qc4 Nf6 5. Bg5 Be7 6. Bxf6 Bxf6 7. Nf3 Bxb2
8. Nc3 Bxa1 9. h4 Bxc3+ 10. Qxc3 O-O 11. Qd3 Nb4 12. Qc4 Qe7 13. Bd3 d5 14. Qc3
dxe4 15. O-O exd3 16. Re1 Qd6 17. Rd1 Bf5 18. Rc1 Nxa2 19. Qb2 Nxc1 20. Qxc1
dxc2 21. Nd2 Rfd8 22. f3 Qxd2 23. Qxd2 Rxd2 0-1

[Event "Alberta-ch U20"]
[Site "Edmonton CAN"]
[Date "2010.11.07"]
[Round "4"]
[White "Nie, Mark"]
[Black "Zhao, Chenxi"]
[Result "0-1"]
[WhiteElo "1375"]
[BlackElo "1112"]
[PlyCount "37"]
[EventDate "2010.11.06"]
[EventType "swiss"]
[EventRounds "5"]
[EventCountry "CAN"]

1. Nf3 Nc6 2. g3 Nf6 3. Bg2 d5 4. d3 Bf5 5. Nbd2 e6 6. O-O Bc5 7. Qe1 Qd7 8. e4
dxe4 9. dxe4 Bg4 10. h3 Bh5 11. c3 O-O-O 12. b4 Bb6 13. Bb2 a6 14. Rd1 Qe7 15.
g4 Bg6 16. Qe2 h5 17. g5 Nh7 18. h4 f6 19. Qe3 0-1

[Event "Alberta-ch U20"]
[Site "Edmonton CAN"]
[Date "2010.11.07"]
[Round "4"]
[White "Schibler, Jordan"]
[Black "Miller, David"]
[Result "1/2-1/2"]
[WhiteElo "1794"]
[BlackElo "1849"]
[PlyCount "111"]
[EventDate "2010.11.06"]
[EventType "swiss"]
[EventRounds "5"]
[EventCountry "CAN"]

1. d4 e6 2. c4 Nf6 3. Nc3 Bb4 4. Bd2 c5 5. e3 Nc6 6. Nf3 cxd4 7. exd4 d5 8. a3
Be7 9. Be3 O-O 10. h3 b6 11. cxd5 Nxd5 12. Nxd5 Qxd5 13. Be2 Bb7 14. O-O Rfd8
15. Rc1 Rac8 16. Bc4 Qd7 17. Qe2 Bf6 18. Rfd1 Ne7 19. Bb5 Bc6 20. Bxc6 Nxc6 21.
b4 Qd5 22. Qd2 Ne7 23. Rxc8 Rxc8 24. Rc1 Rxc1+ 25. Qxc1 Qc6 26. Qxc6 Nxc6 27.
Kf1 Kf8 28. Ke2 Ke7 29. Kd3 b5 30. Bg5 h6 31. Bxf6+ Kxf6 32. Ke4 Ne7 33. Ne5
Nd5 34. Nc6 a6 35. Nb8 Nc7 36. Nd7+ Ke7 37. Nc5 Kd6 38. Nb7+ Ke7 39. g4 f6 40.
Nc5 Kd6 41. f4 g6 42. h4 f5+ 43. gxf5 gxf5+ 44. Ke3 Kd5 45. Kd3 Kc6 46. Ke3 Kb6
47. Nd7+ Kc6 48. Ne5+ Kd5 49. Kd3 Ne8 50. Nd7 Kd6 51. Nc5 Nc7 52. Ke3 Kc6 53.
h5 Kd6 54. Nb7+ Kd7 55. Nc5+ Ke7 56. Kf3 1/2-1/2

[Event "Alberta-ch U20"]
[Site "Edmonton CAN"]
[Date "2010.11.07"]
[Round "4"]
[White "Thomas, Derek"]
[Black "Singh, Krishneel"]
[Result "0-1"]
[WhiteElo "1653"]
[BlackElo "1473"]
[PlyCount "120"]
[EventDate "2010.11.06"]
[EventType "swiss"]
[EventRounds "5"]
[EventCountry "CAN"]

1. d4 d5 2. c4 Nc6 3. Nf3 Bg4 4. e3 Nf6 5. Nc3 e6 6. a3 g6 7. h3 Bxf3 8. Qxf3
Bg7 9. Bd3 O-O 10. cxd5 exd5 11. O-O a6 12. Ne2 Re8 13. Ng3 h5 14. b4 Nh7 15.
Qd1 Ne7 16. Qc2 c6 17. Nxh5 Nf6 18. Nxg7 Kxg7 19. Bb2 Rh8 20. f4 Qd7 21. f5 g5
22. e4 dxe4 23. Bxe4 Ned5 24. Bxd5 cxd5 25. Bc1 Ne4 26. Bd2 f6 27. Rac1 Rac8
28. Qd1 Rxc1 29. Qxc1 Qd6 30. Rf3 Qd7 31. Be1 Rc8 32. Qd1 Rc4 33. h4 Qc8 34.
hxg5 Nxg5 35. Rf1 Qe8 36. Bh4 Qe3+ 37. Kh1 Qxd4 38. Bxg5 Qxd1 39. Rxd1 fxg5 40.
Rxd5 Kf6 41. Rd7 Kxf5 42. Rxb7 Kg4 43. Kh2 Kf4 44. Rb6 a5 45. bxa5 Kf5 46. Rb5+
Kf6 47. Rb4 Rc5 48. Ra4 Rc7 49. a6 Ra7 50. Kg3 Kf5 51. Ra5+ Kf6 52. Kg4 Kg6 53.
Rxg5+ Kf6 54. Ra5 Kg6 55. Kf4 Kf6 56. g4 Kg6 57. g5 Kf7 58. Ke5 Ke8 59. Kd6 Kd8
60. g6 Kc8 0-1

[Event "Alberta-ch U20"]
[Site "Edmonton CAN"]
[Date "2010.11.07"]
[Round "4"]
[White "Wang, Yuekai"]
[Black "Lee, Nicholas"]
[Result "1-0"]
[WhiteElo "1934"]
[BlackElo "1750"]
[PlyCount "75"]
[EventDate "2010.11.06"]
[EventType "swiss"]
[EventRounds "5"]
[EventCountry "CAN"]

1. e4 e5 2. Nf3 Nc6 3. Bb5 a6 4. Ba4 Nf6 5. O-O Be7 6. Re1 b5 7. Bb3 O-O 8. c3
Bb7 9. d4 exd4 10. e5 dxc3 11. exf6 cxb2 12. Bxb2 Bxf6 13. Bxf6 Qxf6 14. Nbd2
Rfe8 15. Ne4 Qg6 16. Nc5 Rxe1+ 17. Qxe1 Nd4 18. Nh4 Nf3+ 19. Nxf3 Bxf3 20. g3
Bg4 21. Qe3 h6 22. Nd3 Qf6 23. Rc1 Rc8 24. Ne5 Be6 25. Nd3 Bg4 26. Bd5 c6 27.
Bg2 Bf5 28. Nc5 a5 29. Qd2 d6 30. Nb7 d5 31. Nxa5 Be4 32. Bxe4 dxe4 33. Qd7 Ra8
34. Nxc6 Rxa2 35. Qe8+ Kh7 36. Qxe4+ Qg6 37. Qxg6+ Kxg6 38. Rb1 1-0

[Event "Alberta-ch U20"]
[Site "Edmonton CAN"]
[Date "2010.11.07"]
[Round "5"]
[White "Lacy, Ryan"]
[Black "Nie, Mark"]
[Result "1-0"]
[WhiteElo "1495"]
[BlackElo "1375"]
[PlyCount "40"]
[EventDate "2010.11.06"]
[EventType "swiss"]
[EventRounds "5"]
[EventCountry "CAN"]

1. e4 c5 2. Nf3 d6 3. d4 cxd4 4. Nxd4 Nf6 5. Nc3 a6 6. Bg5 e6 7. Bd3 Nc6 8.
Nxc6 bxc6 9. O-O Be7 10. Re1 O-O 11. e5 dxe5 12. Rxe5 Nd7 13. Bxe7 Qxe7 14. Re3
Bb7 15. Qh5 f5 16. Rae1 Nf6 17. Qe2 Qf7 18. Bc4 Qg6 19. Rxe6 Kh8 20. Qe5 Rfe8
1-0

[Event "Alberta-ch U20"]
[Site "Edmonton CAN"]
[Date "2010.11.07"]
[Round "5"]
[White "Lee, Nicholas"]
[Black "Mawani, Adam"]
[Result "1-0"]
[WhiteElo "1750"]
[BlackElo "1220"]
[PlyCount "71"]
[EventDate "2010.11.06"]
[EventType "swiss"]
[EventRounds "5"]
[EventCountry "CAN"]

1. e4 e5 2. Nf3 Nc6 3. d4 f6 4. dxe5 fxe5 5. Nxe5 Nxe5 6. Qh5+ Ng6 7. Bd3 Nf6
8. Qe2 Nf4 9. Bxf4 Bc5 10. O-O O-O 11. Bc4+ d5 12. exd5 Nxd5 13. Bxc7 Qd7 14.
Ba5 b6 15. Bc3 b5 16. Bxb5 Nxc3 17. Nxc3 Qb7 18. Qc4+ Kh8 19. Qxc5 Rf5 20. Rfe1
h6 21. Qc6 Rb8 22. Re8+ Kh7 23. Rxc8 Qxc8 24. Qxc8 Rxc8 25. Bd7 Rff8 26. Bxc8
Rxc8 27. Kf1 Re8 28. Re1 Rb8 29. b3 Rc8 30. Nb5 Rxc2 31. Nxa7 Rxa2 32. Nb5 Rb2
33. Nd4 Rd2 34. Nf3 Rd3 35. Rb1 Kg6 36. Ne5+ 1-0

[Event "Alberta-ch U20"]
[Site "Edmonton CAN"]
[Date "2010.11.07"]
[Round "5"]
[White "Miller, David"]
[Black "Thomas, Derek"]
[Result "1-0"]
[WhiteElo "1849"]
[BlackElo "1653"]
[PlyCount "35"]
[EventDate "2010.11.06"]
[EventType "swiss"]
[EventRounds "5"]
[EventCountry "CAN"]

1. e4 c5 2. Nf3 Nc6 3. d4 cxd4 4. Nxd4 g6 5. Nc3 Bg7 6. Be3 Nf6 7. Bc4 d6 8. f3
O-O 9. Qd2 a6 10. Bb3 Bd7 11. h4 b5 12. a4 b4 13. Nd5 a5 14. h5 e6 15. Nb6 Rb8
16. Nxd7 Qxd7 17. hxg6 fxg6 18. Bxe6+ 1-0

[Event "Alberta-ch U20"]
[Site "Edmonton CAN"]
[Date "2010.11.07"]
[Round "5"]
[White "Virji, Naveed"]
[Black "Wang, Yuekai"]
[Result "0-1"]
[WhiteElo "1386"]
[BlackElo "1934"]
[PlyCount "54"]
[EventDate "2010.11.06"]
[EventType "swiss"]
[EventRounds "5"]
[EventCountry "CAN"]

1. e4 c5 2. Nf3 Nc6 3. d4 cxd4 4. Nxd4 Nf6 5. Nc3 e6 6. Bg5 Bb4 7. Nxc6 bxc6 8.
Qd4 Be7 9. O-O-O a5 10. Bxf6 Bxf6 11. e5 Be7 12. a3 Qc7 13. f4 Ba6 14. Bxa6
Rxa6 15. Rhf1 Ra7 16. f5 exf5 17. Rxf5 O-O 18. Na4 f6 19. Nb6 Rd8 20. exf6 Bxf6
21. Qc5 Rb7 22. Nc4 d5 23. Nxa5 Bxb2+ 24. Kd2 Rb5 25. Qxc6 Qxa5+ 26. Ke2 Rb6
27. Qc7 Re6+ 0-1

[Event "Alberta-ch U20"]
[Site "Edmonton CAN"]
[Date "2010.11.07"]
[Round "5"]
[White "Zhao, Chenxi"]
[Black "Schibler, Jordan"]
[Result "1-0"]
[WhiteElo "1112"]
[BlackElo "1794"]
[PlyCount "65"]
[EventDate "2010.11.06"]
[EventType "swiss"]
[EventRounds "5"]
[EventCountry "CAN"]

1. e4 e6 2. Nf3 d5 3. exd5 exd5 4. d4 Nf6 5. Bf4 Bd6 6. Bg5 O-O 7. Be2 c6 8.
O-O h6 9. Bh4 Bf5 10. c4 dxc4 11. Bxc4 Nbd7 12. Nc3 Qc7 13. h3 g5 14. Bg3 Bxg3
15. fxg3 Qxg3 16. Qd2 Bxh3 17. Qc2 Rae8 18. Qg6+ Kh8 19. Qxh6+ Kg8 20. Qxh3
Qxh3 21. gxh3 g4 22. hxg4 Nxg4 23. Rfe1 Rd8 24. Re7 b5 25. Bb3 a5 26. Ng5 Nh6
27. Rf1 a4 28. Nxf7 Nxf7 29. Bxf7+ Kh8 30. Bh5 Rxf1+ 31. Kxf1 Nb6 32. Re8+ Rxe8
33. Bxe8 1-0

[Event "Alekhine"]
[Site "Charlesbourg CAN"]
[Date "2010.09.06"]
[Round "1"]
[White "Beaudoin, Stephane"]
[Black "Gagnon, Alain"]
[Result "1-0"]
[WhiteElo "2033"]
[BlackElo "1653"]
[PlyCount "73"]
[EventDate "2010.09.06"]
[EventType "swiss"]
[EventRounds "5"]
[EventCountry "CAN"]

1. e4 c5 2. Nf3 d6 3. d4 cxd4 4. Nxd4 Nf6 5. Bd3 a6 6. O-O e5 7. Nb3 b5 8. Bd2
Bb7 9. Qe1 Nc6 10. a4 bxa4 11. Rxa4 Be7 12. Qe2 Qc8 13. Nc3 O-O 14. Nd5 Bd8 15.
Ne3 g6 16. Nc4 Qd7 17. Rfa1 Re8 18. Nca5 Nxa5 19. Nxa5 Bxa5 20. Rxa5 Qc6 21.
R1a4 d5 22. f3 dxe4 23. fxe4 Nd7 24. Rc4 Qd6 25. Qf2 Rac8 26. Rb4 Rc7 27. h3
Rec8 28. Bc3 f6 29. Kh1 Kg7 30. Rb3 Nf8 31. Rb6 Qd8 32. Bxa6 Nd7 33. Rxb7 Rxb7
34. Bxb7 Rxc3 35. Ra8 Qc7 36. bxc3 Qxb7 37. Ra7 1-0

[Event "Alekhine"]
[Site "Charlesbourg CAN"]
[Date "2010.09.06"]
[Round "1"]
[White "Chiffot, Nicolas"]
[Black "Cote, Jocelyn"]
[Result "0-1"]
[WhiteElo "2080"]
[BlackElo "1755"]
[PlyCount "90"]
[EventDate "2010.09.06"]
[EventType "swiss"]
[EventRounds "5"]
[EventCountry "CAN"]

1. e4 e5 2. Nf3 Nc6 3. Bb5 Nf6 4. O-O Bc5 5. Bxc6 bxc6 6. Nxe5 Nxe4 7. d4 Be7
8. Re1 Nf6 9. Qe2 a5 10. Bg5 Ba6 11. Qe3 Kf8 12. Ng4 Nd5 13. Bxe7+ Nxe7 14. Nc3
h5 15. Ne5 d6 16. Nf3 Rh6 17. Ng5 Qd7 18. Nce4 Nf5 19. Qh3 Bc8 20. c3 Rb8 21.
Re2 Qd8 22. Rae1 Nxd4 23. Qe3 Nxe2+ 24. Rxe2 Ba6 25. Re1 Rxb2 26. Qf4 Qe8 27.
Qc1 Re2 28. Rxe2 Bxe2 29. Qc2 Bc4 30. h4 f6 31. Nh3 Qg6 32. Qb1 Bxa2 33. Qxa2
Qxe4 34. g3 Qf5 35. Nf4 d5 36. Qa3+ Ke8 37. Qc5 Qd7 38. Qe3+ Qe7 39. Qd3 Qe1+
40. Kh2 Qxf2+ 41. Ng2 g5 42. Qa6 Kd7 43. Qd3 gxh4 44. gxh4 f5 45. c4 Rg6 0-1

[Event "Alekhine"]
[Site "Charlesbourg CAN"]
[Date "2010.09.06"]
[Round "1"]
[White "Chouinard, Marc"]
[Black "Perron, Jonathan"]
[Result "0-1"]
[WhiteElo "1676"]
[BlackElo "2055"]
[PlyCount "38"]
[EventDate "2010.09.06"]
[EventType "swiss"]
[EventRounds "5"]
[EventCountry "CAN"]

1. c4 e5 2. Nc3 d6 3. e4 g6 4. Nf3 Bg7 5. Be2 Ne7 6. d3 O-O 7. O-O f5 8. Bg5 h6
9. Be3 f4 10. Bd2 g5 11. Nd5 Ng6 12. Qc2 Nc6 13. c5 g4 14. Ne1 Nd4 15. Qd1 f3
16. gxf3 gxf3 17. Nxf3 Nxe2+ 18. Qxe2 Bg4 19. Kg2 Bxf3+ 0-1

[Event "Alekhine"]
[Site "Charlesbourg CAN"]
[Date "2010.09.13"]
[Round "2"]
[White "Fecteau, Martin"]
[Black "Beaudoin, Stephane"]
[Result "0-1"]
[WhiteElo "1964"]
[BlackElo "2033"]
[PlyCount "70"]
[EventDate "2010.09.06"]
[EventType "swiss"]
[EventRounds "5"]
[EventCountry "CAN"]

1. e4 g6 2. d4 Bg7 3. Nf3 d6 4. Bc4 Nf6 5. Nc3 O-O 6. O-O Nc6 7. h3 Nxe4 8.
Bxf7+ Rxf7 9. Nxe4 h6 10. d5 Nb4 11. c3 Na6 12. Nd4 Bd7 13. Ne6 Bxe6 14. dxe6
Rf5 15. Ng3 Rf6 16. Re1 d5 17. Qg4 Qd6 18. Bd2 Raf8 19. Re2 Nc5 20. Rae1 Nd3
21. Rf1 c5 22. Qh4 Rf4 23. Bxf4 Rxf4 24. Nf5 Rxf5 25. Qa4 Nf4 26. Re3 d4 27.
cxd4 cxd4 28. Rb3 Qxe6 29. Qxa7 d3 30. Rxb7 Ne2+ 31. Kh2 Be5+ 32. g3 Rh5 33.
Kg2 Qxh3+ 34. Kf3 Qf5+ 35. Ke3 Bd4+ 0-1

[Event "Alekhine"]
[Site "Charlesbourg CAN"]
[Date "2010.09.13"]
[Round "2"]
[White "Lessard, Claude"]
[Black "Glode, Martin"]
[Result "1-0"]
[WhiteElo "2027"]
[BlackElo "1853"]
[PlyCount "31"]
[EventDate "2010.09.06"]
[EventType "swiss"]
[EventRounds "5"]
[EventCountry "CAN"]

1. d4 d5 2. c4 c6 3. Nf3 Nf6 4. Nc3 e6 5. a3 Bd6 6. Qc2 Nbd7 7. e4 dxe4 8. Nxe4
Nxe4 9. Qxe4 Nf6 10. Qc2 O-O 11. Bd3 e5 12. dxe5 Bxe5 13. Nxe5 Qa5+ 14. Qc3
Qxc3+ 15. bxc3 Re8 16. f4 1-0